000 00480nam a2200169Ia 4500
999 _c27011
_d27011
003 OSt
005 20201208113215.0
008 190216s9999||||xx |||||||||||||| ||und||
040 _coclc
082 _a894.812
_bNAM/A
100 _aNamboodiri, A P P
_96703
245 0 _aAvagahanam /
_cA P P Namboodiri
260 _bPoorna Publications,
_aKozhikode:
_c1992.
300 _a148p
650 _aNiroopanam
942 _cBK
_2ddc
_h894.812
_iNAM/A
_k894.812
_mNAM/A